湖南省地图点选 Hunan Click Map - Statistics

General Stats
  • This quiz has been taken 22 times
  • The average score is 14 of 14
Answers on the Map
Answers color-coded by a green-red scale on the quiz's map according to % correct below.
 
Answer Stats
Answer % Correct
长沙市
100%
株洲市
100%
湘潭市
100%
岳阳市
100%
张家界市
100%
郴州市
100%
怀化市
100%
娄底市
100%
湘西土家族苗族自治州
100%
衡阳市
94%
邵阳市
94%
益阳市
94%
永州市
94%
常德市
89%
No matching quizzes found
Score Distribution
Percent of People with Each Score
Percentile by Number Answered
Your Score History
You have not taken this quiz